000 00857nam a2200253Ia 4500
003 OSt
005 20220923214144.0
006 a|||||r|||| 00| 0
007 ta
008 220922b |||||||| |||| 00| 0 hin d
024 _a167,427
037 _cTextual
040 _aARTS
_cARTS
_bhin
041 _2hin
_ahin
082 _aO152,1K43:g, L3
100 _aजनार्दन राव, चेलेर
245 0 _aवृन्द और उनका साहित्य
246 _aVṛunda aur unakā sāhitya
260 _aआगरा
_b विनोद पुस्तक मन्दिर
_c1973
300 _a359 पृ.
_ccm.
650 _aहिन्दी साहित्य
_9156264
942 _hO152,1K43:g, L3
_cTEXL
_2CC
999 _c321897
_d321897